Introduction to random differential equations and their applications /
Guardado en:
| Autor Principal: | |
|---|---|
| Otros Autores: | |
| Formato: | Libro |
| Idioma: | English |
| Publicado: |
New York :
American Elsevier,
1971.
|
| Series: | Modern analytic and computational methods in science and mathematics ;
no. 33 |
| Etiquetas: |
Agregar Etiqueta
Sin Etiquetas, Sea el primero en etiquetar este registro!
|
| LEADER | 00775cam a22002055a 4500 | ||
|---|---|---|---|
| 001 | MAT.inmabb002159 | ||
| 008 | 720229s1971####nyua#####b####001#0#eng#d | ||
| 005 | 20150702151724.0 | ||
| 245 | 1 | 0 | |a Introduction to random differential equations and their applications / |c S. K. Srinivasan, R. Vasudevan. |
| 260 | |a New York : |b American Elsevier, |c 1971. | ||
| 300 | |a xii, 166 p. : |b il. ; |c 24 cm. | ||
| 440 | 0 | |a Modern analytic and computational methods in science and mathematics ; |v no. 33 | |
| 504 | |a Incluye referencias bibliográficas. | ||
| 510 | 4 | |a MR, |c 48 #7367 | |
| 020 | |a 0444000976 | ||
| 100 | 1 | |a Srinivasan, S. K. |q (S. Kidambi) | |
| 700 | 1 | |a Vasudevan, Ramabhadra, |d 1926- | |
| 084 | |a 60HXX (81.60 82.60) |2 MR | ||
| 010 | |a 70152756 | ||
| 859 | |h 60 |i Sr774 |p A-3816 |b BIB. MATEMATICA | ||
